Vista normal Vista MARC

Entrada Topical Term

Número de registros utilizados en: 1

001 - CONTROL NUMBER

  • control field: 9094

003 - CONTROL NUMBER IDENTIFIER

  • control field: OSt

005 - DATE AND TIME OF LATEST TRANSACTION

  • control field: 20200821232148.0

008 - FIXED-LENGTH DATA ELEMENTS

  • fixed length control field: 200821|| aca||aabn | a|a d

040 ## - CATALOGING SOURCE

  • Original cataloging agency: OSt
  • Transcribing agency: OSt

150 ## - HEADING--TOPICAL TERM

  • Topical term or geographic name entry element: Derecho civil

670 ## - SOURCE DATA FOUND

  • Source citation: Work cat.: (OSt)4252: Ortega R., J. Ramón, autor 9091, De las excepciones previas y de mérito / , 1985